Edfu : die kulttopographische Inschrift am Sanktuar des Tempels von Edfu /

محفوظ في:

المؤلف الرئيسي: Waitkus, Wolfgang.

مؤلفون آخرون: Kurth, Dieter.

التنسيق: كتاب

اللغة: German

منشور في: Gladbeck : PeWe, 2014.

سلاسل: Inschriften des Tempels von Edfu. Begleithefte ; 7.

الموضوعات:

الوسوم: إضافة وسم

لا توجد وسوم, كن أول من يضع وسما على هذه التسجيلة!

رقم الطلب: PJ1526 .E2 I33 v.7

LEADER 00874nam a22002537a 4500
003 OSt
005 20251020100928.0
008 251020t2014 gw b 001 0 ger d
020 |a 9783935012157 (hd.bd.) 
040 |c ARCE Library 
050 1 4 |a PJ1526 .E2  |b I33 v.7 
100 1 |a Waitkus, Wolfgang. 
245 1 0 |a Edfu :   |b die kulttopographische Inschrift am Sanktuar des Tempels von Edfu /   |c Wolfgang Waitkus ; herausgegeben von Dieter Kurth und Wolfgang Waitkus. 
264 1 |a Gladbeck :   |b PeWe,   |c 2014. 
300 |a xvi, 165 p. ;   |c 31 cm. 
490 0 |a Inschriften des Tempels von Edfu. Begleithefte ;   |v 7. 
504 |a Includes bibliographical references and index. 
610 2 0 |a Temple of Horus (Idfū, Egypt). 
650 0 |a Inscriptions, Egyptian. 
651 0 |a Egypt -- Idfū. 
700 1 |a Kurth, Dieter. 
901 |a reviewed 
942 |2 lcc  |c BK 
999 |c 50131  |d 50131